I migliori club di calcio europei - Statistics

Statistiche generali
  • Questo quiz è stato fatto 333 volte
  • Il punteggio medio è 14 su 20
Statistiche sulle risposte
# Squadra Punti % Corretto
10. Inter Milan 76,000
99%
2. Real Madrid 119,000
99%
1. Manchester City 123,000
96%
3. Bayern Munich 108,000
93%
18. Barcelona 67,000
89%
6. Paris Saint-Germain 85,000
89%
4. Liverpool 96,000
88%
14. Manchester United 70,000
83%
17. Atletico Madrid 67,000
80%
19. Arsenal 62,000
79%
9. Chelsea 79,000
79%
5. Roma 90,000
78%
8. Borussia Dortmund 79,000
77%
12. Porto 70,000
57%
15. Benfica 69,000
54%
20. Atalanta 61,000
53%
11. Bayer Leverkusen 72,000
53%
7. Villareal 82,000
23%
16. West Ham United 69,000
20%
13. Leipzig 70,000
7%
Nessun quiz corrispondente trovato
Distribuzione punteggi
Percentuale di utenti per punteggio
Percentile per numero di risposta
I tuoi punteggi nel tempo
Non hai fatto questo quiz